| 000 | 01381nam a22002777a 4500 | ||
|---|---|---|---|
| 005 | 20260417132332.0 | ||
| 008 | 260415b |||||||| |||| 00| 0 eng d | ||
| 020 | _a9789389538755 | ||
| 040 | _cAL | ||
| 041 | _aeng | ||
| 082 |
_a512.02 _bAYRS |
||
| 100 |
_aFrank Ayers _9262070 |
||
| 245 | _aSchaums outlines abstract algebra Ed 2 | ||
| 250 | _a2 | ||
| 260 |
_aNew York _bMcGraw Hill Education India Pvt Ltd _c2020 |
||
| 300 |
_axiii,296p _bPB _c28x20.5cm |
||
| 365 |
_2Information Science and Engineering _aVBI-2645 _b₹543.75 _c₹ _d₹725.00 _e25% _f20-02-2026 |
||
| 440 |
_aSchaums outline series _9261613 |
||
| 520 | _aThis long-awaited revision provides a concise introduction to topics in abstract Algebra, taking full account of the major advances and developments that have occurred over the last half-century in the theoretical and conceptual aspects of the discipline, particularly in the areas of groups and fields. Key features include: 1. A new section on binary linear codes 2. New Chapter on Automorphisms and Galois theory 3. 450 fully solved problems and 420 supplementary problems for individual practice 4. More than 175 illustrative examples. | ||
| 650 |
_aSets _9261607 |
||
| 650 |
_aRelations and Operations _9261608 |
||
| 650 |
_aNatural Numbers _9261609 |
||
| 650 |
_aIntegers _9261610 |
||
| 700 |
_aJaisingh, Lloyd R _9261611 |
||
| 942 |
_2ddc _cBK |
||
| 999 |
_c241240 _d241240 |
||